| 000 | 00510cam a2200145 4500500 | ||
|---|---|---|---|
| 005 | 20260301001756.0 | ||
| 041 | _afre | ||
| 042 | _adc | ||
| 100 | 1 | 0 |
_aVallin, Pierre _eauthor |
| 245 | 0 | 0 | _aJacques Cantier, Eric Jennings (dir.), L’Empire colonial sous Vichy , Odile Jacob, 2004, 400 pages, 29 € |
| 260 | _c2005. | ||
| 500 | _a7 | ||
| 786 | 0 | _nÉtudes | 402 | 2 | 2005-02-01 | p. XII-XII | 0014-1941 | |
| 856 | 4 | 1 | _uhttps://shs.cairn.info/revue-etudes-2005-2-page-XII?lang=fr&redirect-ssocas=7080 |
| 999 |
_c1674242 _d1674242 |
||